Maritime signal flags - Statistics

General Stats
  • This quiz has been taken 381 times
  • The average score is 17 of 26
Answer Stats
Picture Answer % Correct
Alfa
93%
Charlie
89%
Zulu
79%
Bravo
75%
India
75%
Tango
75%
Echo
69%
Hotel
67%
Foxtrot
66%
Mike
66%
November
65%
Yankee
65%
Juliett
64%
Papa
64%
Lima
62%
Oscar
62%
Quebec
60%
Sierra
56%
Delta
55%
Kilo
55%
Uniform
55%
Golf
53%
Romeo
50%
Whiskey
50%
Victor
49%
Xray
48%
No matching quizzes found
Score Distribution
Percent of People with Each Score
Percentile by Number Answered
Your Score History
You have not taken this quiz